Note on green growth for Bhutan / (Record no. 3996)

MARC details
000 -LEADER
fixed length control field 00438nam a2200169 4500
001 - CONTROL NUMBER
control field 4812
005 - DATE AND TIME OF LATEST TRANSACTION
control field 20181127174200.0
010 00 - LIBRARY OF CONGRESS CONTROL NUMBER
LC control number
090 00 - LOCALLY ASSIGNED LC-TYPE CALL NUMBER (OCLC); LOCAL CALL NUMBER (RLIN)
Classification number (OCLC) (R) ; Classification number, CALL (RLIN) (NR) 338.95498 B5789n 2014
245 00 - TITLE STATEMENT
Title Note on green growth for Bhutan /
Remainder of title
Statement of responsibility, etc. World Bank.
Medium
250 00 - EDITION STATEMENT
Edition statement
260 00 - PUBLICATION, DISTRIBUTION, ETC.
Place of publication, distribution, etc. Washington, D.C :
Name of publisher, distributor, etc. World Bank,
Date of publication, distribution, etc. 2014.
300 00 - PHYSICAL DESCRIPTION
Extent verious p. ; 20 cm.
500 ## - GENERAL NOTE
General note Xerographic copy in a binder.
650 00 - SUBJECT ADDED ENTRY--TOPICAL TERM
Topical term or geographic name entry element
General subdivision
Topical term or geographic name entry element Bhutan --Economic policy.
General subdivision
Holdings
Withdrawn status Lost status Source of classification or shelving scheme Damaged status Not for loan Collection code Home library Current library Shelving location Serial Enumeration / chronology Inventory number Total Checkouts Full call number Barcode Date last seen Copy number Price effective from Koha item type Date acquired
    Dewey Decimal Classification     Binding Materials. RTC Library RTC Library Binding 7616   338.9 NOT 30007739 27/11/2018 4 27/11/2018 Binder  
    Dewey Decimal Classification     Binding Materials. RTC Library RTC Library Binding 7620   338.9 NOT 30007789 25/02/2021 1 27/11/2018 Binder 25/02/2021
    Dewey Decimal Classification     Binding Materials. RTC Library RTC Library Binding 7617   338.9 NOT 30007779 27/11/2018 5 27/11/2018 Binder  
    Dewey Decimal Classification     Binding Materials. RTC Library RTC Library Binding 7618   338.9 NOT 30007794 27/11/2018 3 27/11/2018 Binder  
    Dewey Decimal Classification     Binding Materials. RTC Library RTC Library Binding 7619   338.9 NOT 30007769 27/11/2018 2 27/11/2018 Binder  
Royal Thimphu College || All Right Reserved